Harry Potter Spells - Statistics

General Stats
  • This quiz has been taken 749 times
  • The average score is 17 of 57
Answer Stats
Hint Answer % Correct
Killing curse Avada kedavra
87%
Unlocks Alohomora
85%
Causes immense pain Crucio
78%
Produces a jet of water Aguamenti
72%
Produces a patronus Expecto Patronum
69%
Creates light at the tip of the wand Lumos
69%
Levitation charm Wingardium Leviosa
65%
Target is forced to obey Imperio
63%
Memory charm Obliviate
60%
Counter spell to the spell that causes light at the time of the wand Nox
59%
Repairs damaged objects Reparo
58%
Used to summon Acio
57%
Violently wounds target Sectumsempra
53%
Shield charm Protego
52%
Causes objects to swell in size Engorgio
51%
Confundus charm Confundo
50%
Victim is dangled by the ankle Levicorpus
50%
Produces fire Incendio
47%
Temporarily binds victims body Petrificus Totalus
43%
Explodes solid objects Reducto
42%
Cuts or rips Diffindo
40%
Spell used when fighting a boggart Riddikulus
39%
Blocks nearby people from hearing the conversation Muffliato
36%
Turns object into a portkey Portus
35%
Creates the dark mark Morsmordre
34%
Stunning spell Stupify
26%
Creates a flock of birds Avis
24%
Allows user to delve into the mind of the victim Legilimens
23%
Makes an object smaller Reducio
22%
Used to clean something Scourgify
22%
Disarming charm Expelliamus
18%
Wand points north Point me
18%
Causes object to rise in the air and move at will of the captor Locomotor
15%
Locks door Colloportus
14%
Used to animate statues Piertotum locomotor
13%
Causes a burst of flames Confringo
12%
Vanishing spell Evanesco
12%
Glues tongue to the roof of the mouth Langlock
12%
Makes victims legs dance uncontrolibly Tarantallegra
12%
Causes target to double Geminio
10%
Packs luggage Pack
8%
Makes invisible ink appear visible Aparecium
7%
Causes object to explode Expulso
7%
Leg locker curse Locomotor mortis
7%
Puts a blind fold on the victim Obscuro
7%
Brings someone to consciousness Rennervate
7%
Causes target to be covered in boils Furnunculus
6%
Impedes targets progress towards the castor Impedimanta
5%
Ties someone up with ropes Incarcerous
5%
Produces a bouquet of flowers Orchideos
5%
Used to find hidden secrets or properties in an object Specialis revelio
5%
Used to repel Impervius
4%
Launches small objects into the air Waddiwasi
4%
Used to strengthen an enclosure from enemies Cave inimicum
3%
Used to heal minor injuries Epesky
3%
Summons a snake Serpentoria
3%
Used to detach objects Deprimo
1%
No matching quizzes found
Score Distribution
Percent of People with Each Score
Percentile by Number Answered
Your Score History
You have not taken this quiz